000 00484nam a22002057a 4500
001 21564
005 20260314165604.0
008 260314b |||||||| |||| 00| 0 spa d
041 _aESP
082 _a803.08
_bA62
100 _aBorges, Jorge Luis
_eAUT
245 _aAntología de la literatura fantástica
260 _a :
_b ,
_c1977
300 _a435 páginas :
_b ;
_c18 cm.
440 _a ;
650 _aGEN
654 _aCHU
700 _a;
942 _cLIB
_dJUS
_fJUS
_2ddc
999 _c21564
_d21564